The Evolution of Physics : (Record no. 594281)

000 -LEADER
fixed length control field 00373nam a22001217a 4500
020 ## - INTERNATIONAL STANDARD BOOK NUMBER
International Standard Book Number 0671201565
082 ## - DEWEY DECIMAL CLASSIFICATION NUMBER
Classification number 530
Author Mark EIN
100 ## - MAIN ENTRY--PERSONAL NAME
Personal name Einstein , Albert
245 ## - TITLE STATEMENT
Title The Evolution of Physics :
Remainder of title from early concept to relativity and quanta /
Statement of responsibility, etc. Albert Einstein
260 ## - PUBLICATION, DISTRIBUTION, ETC.
Place of publication, distribution, etc. New York,
Name of publisher, distributor, etc. Simon, Schuster
Date of publication, distribution, etc. 1966.
300 ## - PHYSICAL DESCRIPTION
Extent xv ;297p. ;
Other physical details Paperback
942 ## - ADDED ENTRY ELEMENTS (KOHA)
Source of classification or shelving scheme
Koha item type Book
Holdings
Withdrawn status Lost status Source of classification or shelving scheme Damaged status Not for loan Permanent Location Current Location Shelving location Date acquired Full call number Barcode Date last seen Price effective from Koha item type
          School of Mechanical & Manufacturing Engineering (SMME) School of Mechanical & Manufacturing Engineering (SMME) Aerospace Engineering 03/24/2023 530 EIN SMME-4120 03/24/2023 03/24/2023 Book
© 2023 Central Library, National University of Sciences and Technology. All Rights Reserved.